Strzelcy na MŚ 1938 - Statystyki

Ogólne statystyki
  • Ten quiz został rozwiązany 5 razy
  • Średni wynik to 5 z 15
Statystyki odpowiedzi
Narodowość Klub # Nazwisko % Poprawnych
Polska Ruch Chorzów 4 Ernest Wilimowski
100%
Brazylia Flamengo 7 Leônidas
80%
Węgry Ferencváros/Újpest FC 5 György Sárosi/Gyula Zsengellér
40%
Holandia nikt nie strzelił 0 Holandia
40%
Indonezja nikt nie strzelił 0 Indonezja
40%
Czechosłowacja Sparta Praga 2 Oldřich Nejedlý
40%
Włochy SS Lazio 5 Silvio Piola
40%
Szwajcaria Servette FC 3 André Abegglen
20%
Norwegia Lyn 1896 FK 1 Arne Brustad
20%
Szwecja IK Sleipner/IFK Göteborg 3 Harry Andersson/Arne Nyberg/Gustav Wetterström
20%
Kuba CD Puentes Grandes 3 Héctor Socorro
20%
Belgia K. Beerschot V.A.C. 1 Henri Isemborghs
20%
Francja FC Rouen 2 Jean Nicolas
20%
Niemcy TuS Koblenz/Admira Wacker 1 Josef Gauchel/Wilhelm Hahnemann
20%
Rumunia Ripensia Timișoara 2 Ștefan Dobay
20%
Nie znaleziono quizów pasujących do podanych kryteriów
Rozkład punktacji
Procent ludzi z każdym wynikiem
Percentyl według liczby udzielonych odpowiedzi
Twoja historia wyników
Nie rozwiązałeś tego quizu